General Knowledge (difficult) - Statistics

General Stats
  • This quiz has been taken 64 times
  • The average score is 8 of 15
Answer Stats
Hint Answer % Correct
The nickname of the Great Clock of Westminster, Big _____ Ben
100%
Highest mountain in France - Mont ____ Blanc
94%
This subatomic particle has a mass of approximately one atomic mass unit. With neutrons, they join as nucleons within an atom. Proton
81%
A subatomic particle with a negative one elementary electric charge electron
80%
Dmitri Mendeleev was a Russian chemist known for formulating the periodic law and creating a version of the ___________ Periodic table
72%
Battle in 1066 which solidified Norman King William the Conqueror taking control of Britain. Battle of ______. Hastings
70%
A natural protein fiber, some forms of which can be woven into textiles. The protein fiber is composed mainly of fibroin and is most commonly produced by certain insect larvae to form cocoons. Silk
67%
What rays have the smallest wavelengths and the most energy of any wave in the electromagnetic spectrum. gamma
65%
The atomic symbol for silver is Ag, this is because silver used to be known by the Latin word _____ argentum
46%
The Asante Empire was a West African kingdom that existed from 1701 to 1901 in what is now ____ Ghana
46%
A nomadic people who lived in Central Asia, the Caucasus, and Eastern Europe between the 4th and 6th centuries AD. Huns
43%
This part of the brain that controls voluntary movements, such as balance, coordination, and posture. cerebellum
33%
This man was a Congolese politician and military officer who was the first and only president of Zaire from 1971 to 1997. His name was ______ Sese Seko. Mobutu
19%
This man was the second president of the Central African Republic (CAR) between 1966-1979. His name was Jean-Bedel ______. Bokassa
6%
Under President Macías Nguema, what language became the official language of Equatorial Guinea (although in 1982, the Third Constitution once again replaced it with Spanish). Fang
2%
No matching quizzes found
Score Distribution
Percent of People with Each Score
Percentile by Number Answered
Your Score History
You have not taken this quiz